| 000 | 00690nam a2200229 a 4500 | ||
|---|---|---|---|
| 001 | BRCA_3614 | ||
| 005 | 20190320204344.0 | ||
| 008 | 120809s1961----gw a---###---#000-0#ger-# | ||
| 041 | _ager | ||
| 044 | _agw | ||
| 050 | 4 |
_aND588.B8 _b.B87 1961 |
|
| 100 | 1 |
_aBusch Wilhelm _d1832-1908 _99375 |
|
| 245 | 1 | 0 |
_aWas ich ergotzlich fand _cdas unbekannete zeichnerische werk von Wilhelm Busch ; herausgegeben von Friedrich Bohne. |
| 260 |
_aMünchen _bFriedrich Bassermann _c1961 |
||
| 300 |
_a187 p. _bil. _c29 cm. |
||
| 500 | _aB284 | ||
| 600 | 1 | 4 |
_aBusch, Wilhelm _d1832-1908 _99376 |
| 650 | 1 | 4 |
_aPintores alemanes _9797 |
| 700 | 1 |
_aBohne, Friedrich _99377 |
|
| 902 | _aGFM | ||
| 942 |
_2lcc _cB |
||
| 999 |
_c3349 _d3349 |
||